000 00523nam a2200193Ia 4500
005 20250326142726.0
008 250326s9999 xx 000 0 und d
037 _aTextbook
040 _aFMSL
_beng
_cFMSL
041 _aeng
_2eng
084 _aX:51 M5
_qFMSL
100 _aCundiff E W
245 0 _aFundamentals of modern marketing
_cCundiff E W And Others
250 _a3
260 _aNew Delhi
_bNew Delhi, Prenitce-Hall
_c1980
300 _a476p
942 _cTB
_hX:51 M5
999 _c1296374
_d1296374